000
00289nam a22001337a 4500
008
170601b xxu||||| |||| 00| 0 eng d
020
_a
9781616083328
041
_a
eng
080
_a
93
100
_a
17
101
_a
SHH
245
_a
THE CIA WORLD HANDBOOK 2012
_c
CIA
942
_2
udc
_c
BK
999
_c
15320
_d
15320